Veladuras /

Guardado en:
Autor Principal: Andruetto, María Teresa
Formato: Libro
Publicado: Buenos Aires : Norma, 2005
Series:Zona Libre
Materias:
Etiquetas: Agregar Etiqueta
Sin Etiquetas, Sea el primero en etiquetar este registro!
LEADER 00693nam a22002295a 4500
001 CEM.cems013690
008 130507s2005##################000#0#####d
005 20260616161224.0
245 1 0 |a Veladuras /  |c María Teresa Andruetto 
260 |a Buenos Aires :  |b Norma,  |c 2005 
300 |a 64 p. 
490 0 |a Zona Libre 
020 |a 9789875452176 
100 1 |a Andruetto, María Teresa 
082 0 4 |a A863.4 
653 |a Literatura 
653 |a Literatura argentina 
653 |a Literatura juvenil 
653 |a Literatura infantil 
653 |a Novela 
859 |a CEMS  |b BIB. CEMS - 11 de abril  |h A863.4LS2  |i An29-1  |p 26390.12  |t Ej.1 
859 |a CEMS  |b BIB. CEMS - 11 de abril  |h A863.4  |i An29-1  |p 26391.12  |t Ej.2